| 000 | 00000nam##2200000za#4500 |
| 001 | 9.601671 |
| 003 | CaOODSP |
| 005 | 20210624210202 |
| 007 | cr ||||||||||| |
| 008 | 150406|2003||||xxc|||||o f|0| 0 fre|d |
| 040 | |aCaOODSP|bfre |
| 043 | |an-cn--- |
| 086 | 1 |aYC33-0/372-17F-PDF |
| 110 | 1 |aCanada. |bParlement. |bSénat. |bComité sénatorial permanent de la sécurité nationale et de la défense. |
| 245 | 10|aLes côtes du Canada : |h[ressource électronique]|bles plus longues frontières mal défendues au monde / |cL'honorable Colin Kenny, président ; l'honorable J. Michael Forrestall, vice-président. |
| 260 | |aOttawa - Ontario : |bSénat. |cOctobre 2003. |
| 300 | |a201p., 181p.|btableaux, index |
| 490 | 1 |aRapport du Comité sénatorial permanent de la sécurité nationale et de la défense|v37e législature, 2e session, [17e rapport] |
| 500 | |aSommaire : Vol. 1 -- Vol. 2. |
| 590 | |a11-12-Supp|b2011-07-29 |
| 775 | 08|tCanada's coastlines : |w(CaOODSP)9.571028 |
| 830 | #0|aRapport du Comité sénatorial permanent de la sécurité nationale et de la défense ;|v37e législature, 2e session, [17e rapport]|w(CaOODSP)9.501649 |
| 856 | 40|ahttp://publications.gc.ca|qPDF|s711 Ko|uhttps://publications.gc.ca/collections/collection_2011/sen/yc33-0/YC33-0-372-17-2-fra.pdf |
| 856 | 40|ahttp://publications.gc.ca|qPDF|s626 Ko|uhttps://publications.gc.ca/collections/collection_2011/sen/yc33-0/YC33-0-372-17-1-fra.pdf|y37e législature, 2e session, [17e rapport] |